Ricostruisci la Carriera del Calciatore - Lorenzo Tonelli - Statistics

Statistiche generali
  • Questo quiz è stato fatto 5 volte
  • Il punteggio medio è 2 su 6
Statistiche sulle risposte
Hint Risposta % Corretto
2010-2017 Empoli
50%
2017-2018 Napoli
50%
2019-2020 Napoli
50%
2018-2019 Sampdoria
50%
2020-2021 Sampdoria
25%
2021- Empoli
0%
Nessun quiz corrispondente trovato
Distribuzione punteggi
Percentuale di utenti per punteggio
Percentile per numero di risposta
I tuoi punteggi nel tempo
Non hai fatto questo quiz